000 00393nas a22001697i 4500
001 8370
003 OSt
005 20170126082410.0
007 tu
008 161220s2005 xxu||||| |||| 00| 0 d
022 _a 0250-3883
024 7 _a8370
_2RID
040 _cOSt
245 0 0 _aInfo
_bdie EIB - die Bank der EU
260 _aLuxembourg,
_c2005, Nr. 119 -.
110 2 _aEuropäische Investitionsbank (EIB)
942 _cJ
999 _c7003
_d7003